000 00996nam a2200241 a 4500
999 _c2389
_d2389
001 2389
003 BD-JhCC
005 20190930134007.0
008 171101s2015 bg a|||| |||| 00| 0 ben d
035 _a(BD-JhCC)2389
040 _aBD-JhCC
_dBD-JhCC
041 _aben
082 _222
_a520
_bJAB 2015
100 _aজব্বার, আবদুল, মোহান্মদ
245 _aপ্রাচীন জ্যোতির্বিদ্যা /
_cমোহান্মদ আবদুল জব্বার
260 _aঢাকা :
_bবাংলাদেশ অ্যাস্ট্রোনমিক্যাল,
_bবাংলা একাডেমী,
_c২০১৫
300 _a496 p. :
_bill. ;
_c22cm.
490 _aমহাকাশ গ্রন্থমালা-৩
500 _aকপি 1: পৃষ্ঠা সংখ্যা - 496 কপি 2: পৃষ্ঠা সংখ্যা -749
650 _aAstronomy
942 _2ddc
_cBK
_06